Normal view
MARC view
- المنظمات والهيئات- ادارة- ادارة الاعمال- مؤتمرات
Entry Topical Term
001 - CONTROL NUMBER
- control field: 57016
003 - CONTROL NUMBER IDENTIFIER
- control field: JO-AjAnu
005 - DATE AND TIME OF LATEST TRANSACTION
- control field: 20230606083335.0
008 - FIXED-LENGTH DATA ELEMENTS
- fixed length control field: 230606|| aca||aabn | a|a d
040 ## - CATALOGING SOURCE
- Original cataloging agency: JO-AjAnu
- Transcribing agency: JO-AjAnu
150 ## - HEADING--TOPICAL TERM
- Topical term or geographic name entry element: المنظمات والهيئات- ادارة- ادارة الاعمال- مؤتمرات
670 ## - SOURCE DATA FOUND
- Source citation: Work cat.: (JO-AjAnu)29093: كلية العلوم الادارية والمالية- جامعة اربد الاهلية, author 57015, المؤتمر العلمي الثامن حول منظمات الأعمال العربية ومتغيرات العصر 1 - 2 اب 2006